Państwa, z których pochodzili papieże - Statystyki

Ogólne statystyki
  • Ten quiz został rozwiązany 371 razy
    97 od ostatniego zresetowania
  • Średni wynik to 12 z 16
Statystyki odpowiedzi
Liczba papieży Państwo % Poprawnych
217 Włochy
100%
6 Niemcy
99%
1 Polska
99%
16 Francja
97%
1 Argentyna
95%
1 Stany Zjednoczone
95%
2 Hiszpania
90%
4 Grecja
82%
2 Portugalia
77%
1 Anglia
74%
1 Holandia
69%
3 Izrael
60%
2 Turcja
58%
2 Chorwacja
53%
5 Syria
50%
3 Tunezja/Libia
42%
Nie znaleziono quizów pasujących do podanych kryteriów
Rozkład punktacji
Procent ludzi z każdym wynikiem
Percentyl według liczby udzielonych odpowiedzi
Twoja historia wyników
Nie rozwiązałeś tego quizu od ostatniego zresetowania